000 01334cam a2200229 4500500
005 20260208005140.0
041 _afre
042 _adc
100 1 0 _aBrauner, David
_eauthor
245 0 0 _aA Bit of Jewish-American Mischief: Fictional Metabiography in Alan Lelchuk’s Ziff: A Life? and Philip Roth’s Exit Ghost
260 _c2021.
500 _a53
520 _aL’écrivain juif américain Alan Lelchuk a joué un rôle important dans la carrière et la vie de Philip Roth dans les années soixante-dix, bien que les ambiguïtés de leur relation littéraire et personnelle n’aient que peu attiré l’attention de la critique. On s’efforcera de combler cette lacune en abordant le roman de Lelchuk Ziff: A Life? et plus brièvement Exit Ghost de Roth comme des métabiographies fictionnelles qui s’inspirent de cette relation pour aborder sur un mode ironique de plus larges questions éthiques et esthétiques.
690 _aAlan Lelchuk
690 _aautofiction
690 _aExit Ghost
690 _ametabiography
690 _aPhilip Roth
690 _aZiff: A Life?
786 0 _nRevue française d’études américaines | 166 | 1 | 2021-04-26 | p. 46-61 | 0397-7870
856 4 1 _uhttps://shs.cairn.info/journal-revue-francaise-d-etudes-americaines-2021-1-page-46?lang=en&redirect-ssocas=7080
999 _c1650774
_d1650774